header

Make a decision (Record no. 140277)

MARC details
000 -LEADER
fixed length control field 02234nam a2200385 a 4500
082 04 - DEWEY DECIMAL CLASSIFICATION NUMBER
Classification number 617
100 1# - MAIN ENTRY--AUTHOR NAME
Personal name Corrigan, Mark,
245 10 - TITLE STATEMENT
Title Make a decision
260 ## - PUBLICATION, DISTRIBUTION, ETC. (IMPRINT)
Place of publication Chichester, West Sussex, U.K. :
Name of publisher Wiley-Blackwell,
Year of publication 2010.
300 ## - PHYSICAL DESCRIPTION
Number of Pages 1 v. (unpaged)
505 8# - FORMATTED CONTENTS NOTE
Formatted contents note (Publisher-supplied data) Machine generated contents note: Acknowledgements. -- Introduction. -- Instructions. -- How to use this book. -- Introduction to the staff and nomenclature of Pilgrims Hospital. -- Section 1. -- Case presentations. -- Perspectives. -- Section 2. -- Case presentations. -- Perspectives. -- Section 3. -- Case presentations. -- Perspectives. -- Investigations. -- Glossary.
520 ## - SUMMARY, ETC.
Summary, etc "Taking a non-linear, narrative approach and designed to be used in a 'role-playing' format, Make a Decision: Surgery allows the reader to take the role of the book's main character - a junior general surgeon on call in a busy hospital. Outcomes to clinical scenarios are based purely on the reader's decisions and actions. Each decision is scored and feedback is offered to the reader at the end of each scenario together with an exemplar response -- Provided by publisher.
650 #0 - SUBJECT ADDED ENTRY--TOPICAL TERM
Topical Term Surgery
Topical Term Surgery
Topical Term Role playing.
700 1# - ADDED ENTRY--PERSONAL NAME
Personal name Hill, Arnold D. K.
Personal name Redmond, H. Paul.
856 40 - ELECTRONIC LOCATION AND ACCESS
Uniform Resource Identifier http://site.ebrary.com/lib/rucke/Doc?id=10518640

No items available.

© 2026 Rongo University
Contact us: librarian | system librarian | Rongo university